Đập ngăn Thái Bình Dương Tiểu thyết
v.v...
Đã lưu trong:
| Tác giả chính: | |
|---|---|
| Định dạng: | Sách |
| Năm xuất bản: |
H.
Văn học
1997
|
| Series: | Văn học hiện đại nước ngoài. Văn học Pháp
|
| Chủ đề: | |
| Tags: |
Thêm thẻ
Không có thẻ, Hãy là người đầu tiên gắn thẻ bản ghi này!
|
| LEADER | 00835nam a2200193 4500 | ||
|---|---|---|---|
| 082 | |a 843 |b D500R | ||
| 100 | |a Duras, Marguerite | ||
| 245 | |a Đập ngăn Thái Bình Dương |c Marguerite Duras; Lê Hồng Sâm dịch và giới thiệu |b Tiểu thyết | ||
| 260 | |a H. |b Văn học |c 1997 | ||
| 300 | |a 380 tr. |c 19 cm. | ||
| 490 | |a Văn học hiện đại nước ngoài. Văn học Pháp | ||
| 520 | |a v.v... | ||
| 653 | |a Văn học hiện đại | ||
| 653 | |a Pháp | ||
| 653 | |a Tiểu thuyết | ||
| 942 | |2 ddc |c STK0 | ||
| 999 | |c 3438 |d 3438 | ||
| 952 | |0 0 |1 0 |2 ddc |4 0 |6 843_000000000000000_D500R |7 1 |8 800 |9 36580 |a qbu |b qbu |c D5 |d 2014-12-16 |g 20000 |o 843 D500R |p 554.c1 |r 0000-00-00 |w 2014-12-16 |y STK0 | ||
| 952 | |0 0 |1 0 |2 ddc |4 0 |6 843_000000000000000_D500R |7 0 |8 800 |9 36581 |a qbu |b qbu |c D5 |d 2014-12-16 |g 20000 |o 843 D500R |p 554.c2 |r 0000-00-00 |w 2014-12-16 |y STK0 | ||